000 00714nam a2200241Ia 4500
001 8536
003 GE_BSU
008 181216s||||||||xx |||||||||||||| ||und||
040 _cGE_BSU
080 _a821.353.1-11
100 _aვარშანიძე,მამია.
245 _aასეთი იყო....
245 _bლექსები, პოემები.
245 _cრედ:ზ.ფირცხალაიშვილი
260 _aბათუმი.
260 _bაჭარა.
260 _c1994.
300 _a112გვ;18სმ.
541 _h3ლ.
653 _aასეთი იყო....
653 _aლექსები, პოემები.
942 _cBK
999 _c41853
_d41853